Em Movimento (Registo nº 30837)

Detalhes MARC
000 -Etiqueta do registo
Valores 00531 am a2200205 4500
010 ## - Número ISBN
ISBN 9724203298
090 ## -
-- 30837
100 ## - Dados gerais de processamento
Dados gerais 20100106d1991 a 0pory5003 ba
101 ## - Língua de publicação
-- Por
102 ## - País de publicação
-- PT
105 ## -
-- a z 000yy
200 1# - Titulo e menção de responsabilidade
Título próprio Em Movimento
Primeira menção de responsabilidade Christine Butterwort, Kay Davies, Wendy Hobson, Ruth Merttens
210 ## - Publicação
Local de publicação Barcelona
Nome do editor Círculo de Leitores
Data de publicação 1991
215 ## - Descrição física 
Paginação / Volumes 78 p.
Dimensões 29 cm
675 ## - CDU
Notação 087.5
Edição BNL
700 #1 - Autor principal (pessoa individual)
Apelido Butterwork
Nome Christine
930 ## -
-- BECRE
990 ## - Elementos KOHA
Tipo de documento Livro
995 ## - Localização e informação dos exemplares
-- 18
Exemplares
Situação do levantamento Estado Biblioteca de origem Biblioteca de empréstimo Código de barras Cota Permissão de empréstimo Tipo de documento
  Completo Biblioteca do Centro Escolar de Viana do Alentejo Biblioteca do Centro Escolar de Viana do Alentejo 1480BV 087.5 BUT Disponível Livro




Powered by Koha